Pobreza y niñez en América Latina
Gespeichert in:
| Format: | Buch |
|---|---|
| Sprache: | Spanish |
| Tags: |
Tag hinzufügen
Keine Tags, Fügen Sie den ersten Tag hinzu!
|
MARC
| LEADER | 00000nam a22000007a 4500 | ||
|---|---|---|---|
| 003 | cru CIDCACS/IIS | ||
| 005 | 20190222154357.0 | ||
| 007 | ta | ||
| 008 | 190222s1998 cr b||p|r||||||0| ||spa d | ||
| 999 | |c 42198 |d 42198 | ||
| 040 | |c cru CIDCACS/IIS | ||
| 245 | 0 | |a Pobreza y niñez en América Latina | |
| 300 | |a páginas 7-9 | ||
| 773 | 0 | |0 42196 |9 2676 |a Instituto Centroamericano de Estudios Sociales (Costa Rica) |d San José, Costa Rica: Instituto Centroamericano de Estudios Sociales, 1993- |o 18312 |t Perspectiva Centroamericana y del Caribe/ | |
| 942 | |2 ddc |c PP | ||
